Flagi Afryki - Statystyki

Ogólne statystyki
  • Ten quiz został rozwiązany 60 339 razy
  • Średni wynik to 33 z 54
Statystyki odpowiedzi
Obrazkowy Odpowiedź % Poprawnych
Republika Południowej Afryki
98%
Egipt
93%
Tunezja
90%
Algieria
88%
Kenia
88%
Nigeria
87%
Angola
83%
Uganda
82%
Maroko
77%
Wybrzeże Kości Słoniowej
76%
Seszele
73%
Etiopia
72%
Senegal
71%
Liberia
69%
Somalia
69%
Tanzania
69%
Czad
68%
Niger
68%
Kamerun
67%
Madagaskar
66%
Ghana
65%
Libia
62%
Zambia
62%
Mauretania
61%
Demokratyczna Republika Konga
59%
Sudan
59%
Eswatini
58%
Burkina Faso
57%
Republika Zielonego Przylądka
57%
Botswana
56%
Lesotho
56%
Mali
56%
Mozambik
56%
Gabon
55%
Burundi
54%
Malawi
54%
Zimbabwe
53%
Komory
52%
Togo
51%
Erytrea
50%
Republika Środkowoafrykańska
50%
Benin
49%
Sudan Południowy
49%
Sierra Leone
44%
Rwanda
43%
Gwinea
41%
Kongo
41%
Dżibuti
40%
Mauritius
40%
Gwinea Równikowa
38%
Wyspy Świętego Tomasza i Książęca
38%
Gwinea Bissau
37%
Namibia
36%
Gambia
34%
Nie znaleziono quizów pasujących do podanych kryteriów
Rozkład punktacji
Procent ludzi z każdym wynikiem
Percentyl według liczby udzielonych odpowiedzi
Twoja historia wyników
Nie rozwiązałeś tego quizu